00550 2200169 4500245003500000020002200035250001100057100001500068650002000083005001900103260003100122041001400153084001100167300002300178500017000201336000900371 aTeluk AlaskacEka AryanihText a978-602-5508-88-2 aCet. 1 aEka Aryani aNovel Indonesia a20230929080136 aDepokbCoconut Booksc2019 aIndonesia a808.83 a407 hlm. :c19 cm. aAlister Reygan, cowok yang selalu menjadi idaman para wanita. Bukan hanya sekadar tampan, ia juga memiliki sebuah geng yang sering disebut sebagai 'Penguasa Sekolah' atext